[Event "AUTO-INT-2286"]
[Site "http://www.queenalice.com/game.php?id=1045237"]
[Date "2012.4.2"]
[Round "1"]
[White "hendrixx"]
[Black "saraquette"]
[Result "0-1"]
[WhiteElo "1701"]
[BlackElo "1721"]

1. e4 c5 2. Nf3 Nc6 3. Nc3 e6 4. d3 h6 5. g3 d5 6. exd5 exd5 7. Bg2 Nf6 8. O-O
Be6 9. Re1 Be7 10. Bf4 a6 11. Ne2 Nh5 12. b3 Bg5 13. Bxg5 hxg5 14. Qd2 g4 15.
Nf4 Nxf4 16. Qxf4 gxf3 17. Bxf3 Nd4 18. Rac1 g5 19. Qe3 Qf6 20. Bxd5 O-O-O 21.
Bxe6+ fxe6 22. c3 Nf3+ 23. Kg2 Nxe1+ 24. Rxe1 Qe7 25. Qxe6+ Qxe6 26. Rxe6 Rxd3
27. Re5 Rxc3 28. Rxg5 Rd8 29. h4 Rd2 30. h5 Rcc2 31. Rf5 b6 32. Rf6 Kc7 33. h6
Rd8 34. g4 Rxa2 35. g5 Rh8 36. g6 Rxh6 37. g7 Rxf6 38. g8=Q Raxf2+ 39. Kh3 R6f3+
40. Kh4 Rh2+ 0-1

[Event "AUTO-INT-2287"]
[Site "http://www.queenalice.com/game.php?id=1045463"]
[Date "2012.4.3"]
[Round "1"]
[White "hendrixx"]
[Black "Luca74"]
[Result "1-0"]
[WhiteElo "1764"]
[BlackElo "1680"]

1. e4 g6 2. Nf3 Bg7 3. c3 d6 4. d4 e6 5. Bf4 Nd7 6. Nbd2 h6 7. Bb5 a6 8. Bd3 b6
9. O-O Ne7 10. Re1 Bb7 11. e5 O-O 12. exd6 Nd5 13. dxc7 Qc8 14. Bd6 Re8 15. Nc4
Nxc7 16. Nfe5 Nd5 17. Be4 b5 18. Qf3 f6 19. Nxg6 Qxc4 20. Bxd5 exd5 21. Ne7+ Kf7
22. Qh5+ Kf8 23. Nc8+ Kg8 24. Rxe8+ Nf8 25. Ne7+ Kh8 26. Qf7 1-0

[Event "AUTO-INT-2287"]
[Site "http://www.queenalice.com/game.php?id=1045464"]
[Date "2012.4.3"]
[Round "1"]
[White "Luca74"]
[Black "hendrixx"]
[Result "0-1"]
[WhiteElo "1675"]
[BlackElo "1777"]

1. d4 Nf6 2. c4 g6 3. Nc3 Bg7 4. e4 d6 5. d5 O-O 6. Nf3 c6 7. Ng5 cxd5 8. cxd5
Nbd7 9. Bd3 b6 10. O-O Nc5 11. Be3 e6 12. Bxc5 bxc5 13. Bc4 Rb8 14. dxe6 Bxe6
15. Bxe6 fxe6 16. Nxe6 Qe7 17. Nxf8 Bxf8 18. b4 Rxb4 19. Rb1 Nxe4 20. Qd5+ Kh8
21. Rxb4 Nxc3 22. Qd2 cxb4 23. Qd4+ Bg7 24. Qxb4 Nxa2 25. Qb8+ Bf8 26. Qb2+ Qe5
27. Qxe5+ dxe5 28. Ra1 Nc3 29. Rxa7 Ne2+ 30. Kf1 Nf4 31. Ra8 Kg7 32. Re8 Bd6 33.
g3 Nh3 34. Re6 Bb8 35. Rb6 Nxf2 36. Kxf2 Ba7 37. Kf3 Bxb6 38. h4 Kf6 39. Ke4 Bf2
40. Kf3 Be1 41. Kg2 Kf5 42. Kf3 e4+ 43. Kg2 Kg4 44. Kf1 Bxg3 45. Ke2 Bf4 46. Kf2
Kxh4 47. Kg2 e3 48. Kh1 e2 49. Kg2 e1=Q 50. Kf3 Qe3+ 51. Kg2 Kg4 52. Kf1 Bh2 53.
Kg2 Qg1# 0-1

[Event "AUTO-INT-2287"]
[Site "http://www.queenalice.com/game.php?id=1045465"]
[Date "2012.4.3"]
[Round "1"]
[White "hendrixx"]
[Black "Ricardoabreu"]
[Result "1-0"]
[WhiteElo "1687"]
[BlackElo "1631"]

1. e4 g6 2. Nf3 b6 3. Nc3 Bg7 4. d4 e6 5. Bf4 Bb7 6. Bd3 Nf6 7. O-O Nh5 8. Bd2
Ba6 9. Bxa6 Nxa6 10. e5 f6 11. Re1 fxe5 12. Nxe5 Bxe5 13. Rxe5 Qe7 14. Nb5 c6
15. Nc3 O-O-O 16. Bg5 Nf6 17. a3 h6 18. Qe2 Nb8 19. Bf4 g5 20. Bg3 d6 21. Rxe6
Qf7 22. Bxd6 Rhe8 23. Rxe8 Rxe8 24. Qf3 Qe6 25. Be5 Nfd7 26. Re1 Nxe5 27. Rxe5
Qd7 28. h3 Rd8 29. Ne2 Na6 30. c4 c5 31. Rd5 Qc7 32. Qf5+ Kb7 33. Qf6 cxd4 34.
Rxd8 Qxd8 35. Qxd8 Nc7 36. Qxd4 Kb8 37. Qd6 Kb7 38. Qxh6 b5 39. cxb5 Nxb5 40.
Qxg5 Nd6 41. h4 Ne4 42. Qd5+ Ka6 43. Qxe4 Ka5 44. h5 Ka6 45. h6 Ka5 46. h7 Ka6
47. h8=Q Ka5 48. g4 Kb5 49. g5 Ka5 50. g6 a6 51. g7 Kb5 52. g8=Q Ka5 53. f4 Kb5
54. f5 Ka5 55. f6 Kb5 56. f7 1-0

[Event "AUTO-INT-2287"]
[Site "http://www.queenalice.com/game.php?id=1045466"]
[Date "2012.4.3"]
[Round "1"]
[White "Ricardoabreu"]
[Black "hendrixx"]
[Result "0-1"]
[WhiteElo "1646"]
[BlackElo "1672"]

1. b3 g6 2. Bb2 Nf6 3. g3 Bg7 4. Bg2 O-O 5. e3 Nc6 6. Na3 d5 7. Nh3 Qd6 8. Nb5
Qc5 9. Ba3 Qxb5 10. Bb2 Re8 11. Bf1 Qc5 12. Bg2 Bf5 13. d3 Nb4 14. O-O Qxc2 15.
Qxc2 Nxc2 16. Rac1 Bxd3 17. Rfd1 Be2 18. Rd2 Nxe3 19. Rxe2 Nxg2 20. Kxg2 c6 21.
Rce1 e6 22. Ng5 Nh5 23. Bc1 Bc3 24. Rd1 e5 25. Rd3 d4 26. Ba3 f6 27. Nh3 e4 28.
Rd1 d3 29. Re3 Bd4 30. Ree1 f5 31. Bd6 Rad8 32. Ba3 Bc3 33. Re3 Bd4 34. Ree1 Bb6
35. Ng5 Nf6 36. f3 e3 37. Bb4 e2 38. Rd2 Nd5 39. Rxd3 Nxb4 40. Rxd8 Bxd8 41. Nh3
Nc2 42. Rc1 e1=Q 43. Rxe1 Nxe1+ 44. Kf2 Bb6+ 45. Kf1 Nxf3 46. Nf4 Nxh2+ 47. Kg2
Ng4 48. Kf3 Re3+ 49. Kg2 Bc7 50. Nh3 Rxg3+ 51. Kh1 Rxh3+ 52. Kg1 Rh2 53. Kf1 Bg3
54. a4 Ne3+ 0-1

[Event "AUTO-INT-2287"]
[Site "http://www.queenalice.com/game.php?id=1045467"]
[Date "2012.4.3"]
[Round "1"]
[White "hendrixx"]
[Black "teferi"]
[Result "1-0"]
[WhiteElo "1695"]
[BlackElo "1465"]

1. e4 c5 2. Nf3 d5 3. exd5 Qxd5 4. Nc3 Qe6+ 5. Be2 Nc6 6. O-O Nf6 7. Re1 a6 8.
Bxa6 Qd6 9. Bb5 Bg4 10. h3 Bxf3 11. Qxf3 e5 12. Bxc6+ bxc6 13. b3 O-O-O 14. d3
Qd4 15. Bb2 Rd6 16. Nb5 Qxb2 17. Nxd6+ Bxd6 18. Qxc6+ Bc7 19. Qxc5 Nd7 20. Qc4
Re8 21. a3 Qd4 22. Qxd4 exd4 23. Rxe8+ Kb7 24. Re7 Ne5 25. Re1 f6 26. Rxg7 1-0

[Event "AUTO-INT-2287"]
[Site "http://www.queenalice.com/game.php?id=1045468"]
[Date "2012.4.3"]
[Round "1"]
[White "teferi"]
[Black "hendrixx"]
[Result "0-1"]
[WhiteElo "1463"]
[BlackElo "1686"]

1. e4 e5 2. Nf3 Nc6 3. Bc4 Nf6 4. d3 Bb4+ 5. Nc3 O-O 6. a3 Bc5 7. O-O h6 8. Be3
Bxe3 9. fxe3 Ng4 10. Nh4 Nxe3 11. Qf3 Nxf1 12. Rxf1 Qxh4 13. Bxf7+ Kh8 14. Nd5
Nd8 15. Ne7 Qxe7 16. Qh5 Rxf7 17. d4 Rxf1+ 18. Kxf1 exd4 19. e5 Nf7 20. c4 Nxe5
21. c5 Qxc5 22. Qe8+ Kh7 23. h4 b6 24. h5 Ba6+ 0-1

[Event "AUTO-INT-2305"]
[Site "http://www.queenalice.com/game.php?id=1052529"]
[Date "2012.4.25"]
[Round "1"]
[White "Therick"]
[Black "hendrixx"]
[Result "0-1"]
[WhiteElo "1492"]
[BlackElo "1796"]

1. e4 e5 2. Nf3 Nc6 3. Bb5 a6 4. Ba4 Nf6 5. O-O Bc5 6. Qe2 d6 7. c3 Bg4 8. h3
Be6 9. Bxc6+ bxc6 10. d4 Bb6 11. dxe5 Nd7 12. exd6 cxd6 13. Nd4 Bxd4 14. cxd4
O-O 0-1

[Event "AUTO-INT-2305"]
[Site "http://www.queenalice.com/game.php?id=1052530"]
[Date "2012.4.25"]
[Round "1"]
[White "hendrixx"]
[Black "Therick"]
[Result "1-0"]
[WhiteElo "1800"]
[BlackElo "1486"]

1. e4 c5 2. Nf3 d6 3. Nc3 Nf6 4. d4 cxd4 5. Nxd4 a6 6. Be3 Ng4 7. Qf3 Nxe3 8.
Qxe3 e6 9. Bd3 Nc6 10. O-O Be7 11. Nf3 Qc7 12. Ng5 O-O 13. e5 dxe5 14. Bxh7+ Kh8
15. Be4 1-0

[Event "AUTO-INT-2305"]
[Site "http://www.queenalice.com/game.php?id=1052543"]
[Date "2012.4.25"]
[Round "1"]
[White "hendrixx"]
[Black "APSHOOTER"]
[Result "1-0"]
[WhiteElo "1712"]
[BlackElo "1528"]

1. e4 d5 2. exd5 Qxd5 3. Nc3 Qe5+ 4. Be2 Bg4 5. d4 Bxe2 6. Ngxe2 Qf5 7. Bf4 Na6
8. O-O O-O-O 9. Be3 e5 10. Nb5 exd4 11. Nexd4 Qe5 12. Qf3 Nf6 13. Nxa7+ Kd7 14.
Nac6 Qe4 15. Nxd8 Qxf3 16. Nxf3 Kxd8 17. Rfd1+ Bd6 18. Bf4 Kd7 19. Ng5 Nh5 20.
Nxf7 Rf8 21. Bxd6 Rxf7 22. Be5+ Kc8 23. Rd5 Re7 24. Bxc7 Rxc7 25. Rxh5 Rxc2 26.
Rxh7 Rxb2 27. Rxg7 Nb4 28. Re1 Kb8 29. a3 Nd3 30. Rf1 Ra2 31. f4 Nc5 32. f5 Rxa3
33. f6 Kc8 34. f7 Ne6 35. f8=Q+ 1-0

[Event "AUTO-INT-2305"]
[Site "http://www.queenalice.com/game.php?id=1052544"]
[Date "2012.4.25"]
[Round "1"]
[White "APSHOOTER"]
[Black "hendrixx"]
[Result "0-1"]
[WhiteElo "1543"]
[BlackElo "1702"]

1. e4 e5 2. Bc4 Nf6 3. d3 Nc6 4. Nf3 g6 5. Bg5 Bg7 6. Nc3 O-O 7. a3 d6 8. h3 a6
9. Qd2 b5 10. Bd5 Bb7 11. h4 Qd7 12. Bxf6 Bxf6 13. Ng5 h6 14. Nxf7 Rxf7 15.
Bxf7+ Qxf7 16. Nd5 Bg7 17. O-O-O Nd4 18. f3 Bxd5 19. exd5 Qxd5 20. Kb1 Nf5 21.
g4 Ne7 22. Rdf1 Qd4 23. h5 e4 24. fxe4 Qxb2# 0-1

[Event "AUTO-INT-2305"]
[Site "http://www.queenalice.com/game.php?id=1052545"]
[Date "2012.4.25"]
[Round "1"]
[White "hendrixx"]
[Black "NickThorp"]
[Result "1-0"]
[WhiteElo "1789"]
[BlackElo "1559"]

1. e4 e5 2. Nf3 Nc6 3. Bb5 a6 4. Ba4 b5 5. Bb3 Nf6 6. d3 Bb4+ 7. Bd2 Bxd2+ 8.
Qxd2 O-O 9. O-O d6 10. h3 a5 11. a4 b4 12. c3 bxc3 13. Qxc3 Bb7 14. Qc4 Nb4 15.
Nc3 Ba6 16. Nb5 c5 17. Ng5 Qd7 18. Nxf7 Rxf7 19. Qc3 d5 20. Qxc5 Rc8 21. Qb6 Rc6
22. Qxa5 Nxd3 23. exd5 Nxd5 24. Qd2 e4 25. Nc3 Bc4 26. Ra3 e3 27. fxe3 Rxf1+ 28.
Kxf1 Ne5+ 29. Ne2 Qf5+ 30. Kg1 Rf6 31. Qd1 Nxe3 32. Qe1 Nc2 33. Bxc2 Qxc2 34.
Re3 Nd3 35. Qc3 Qd1+ 36. Kh2 Ba6 37. b4 Qxa4 38. Rxd3 Bxd3 39. Qxd3 Qxb4 40. Ng3
Qf4 41. Qd5+ Rf7 42. Qa2 g6 43. Qa8+ Kg7 44. Qa1+ Kh6 45. Qe1 g5 46. Kg1 Qd4+
47. Kh1 Qh4 48. Qe6+ Kg7 49. Nf5+ Rxf5 50. Qxf5 g4 51. Qxg4+ Qxg4 52. hxg4 Kg6
53. Kh2 Kg5 54. Kg3 h5 55. gxh5 Kxh5 56. Kf4 Kh4 57. g4 1-0

[Event "AUTO-INT-2305"]
[Site "http://www.queenalice.com/game.php?id=1052546"]
[Date "2012.4.25"]
[Round "1"]
[White "NickThorp"]
[Black "hendrixx"]
[Result "0-1"]
[WhiteElo "1645"]
[BlackElo "1738"]

1. e4 c5 2. Nf3 d6 3. Bb5+ Nc6 4. O-O Bd7 5. d3 Nf6 6. Bg5 Qb6 7. c4 a6 8. Bxc6
Bxc6 9. Nc3 Qxb2 10. Nd5 Nxd5 11. exd5 Bd7 12. Qb3 Qxb3 13. axb3 h6 14. Bh4 e5
15. dxe6 Bxe6 16. Rfe1 g5 17. Bg3 Rd8 18. Ra5 Be7 19. d4 Bg4 20. Re3 f5 21. dxc5
f4 22. Re6 Bxe6 0-1

[Event "AUTO-INT-2305"]
[Site "http://www.queenalice.com/game.php?id=1083215"]
[Date "2012.7.16"]
[Round "2"]
[White "Flamengo"]
[Black "hendrixx"]
[Result "0-1"]
[WhiteElo "1661"]
[BlackElo "1803"]

1. e4 c5 2. Nf3 d6 3. d4 cxd4 4. Nxd4 e5 5. Nf3 Nf6 6. Bg5 h6 7. Bxf6 Qxf6 8.
Bc4 Qg6 9. Qd5 Nc6 10. Nh4 Qf6 11. Nf3 Be7 12. Nc3 Qg6 13. Rg1 O-O 14. O-O-O a6
15. h4 Nb4 16. Qa5 Nc6 17. Qa3 d5 18. Nxe5 Qh5 0-1

[Event "AUTO-INT-2305"]
[Site "http://www.queenalice.com/game.php?id=1083216"]
[Date "2012.7.16"]
[Round "2"]
[White "hendrixx"]
[Black "Flamengo"]
[Result "0-1"]
[WhiteElo "1821"]
[BlackElo "1748"]

1. e4 c5 2. Nf3 Nc6 3. Nc3 e5 4. Bb5 a6 5. Ba4 b5 6. Bxb5 axb5 7. Nxb5 Ba6 8.
Nc3 d6 9. d3 Be7 10. O-O Nf6 11. a4 Nb4 12. Bd2 O-O 13. Ne2 Nc6 14. c3 Nh5 15.
Be3 f5 16. exf5 Bc8 17. Qb3+ Kh8 18. Nd2 Bxf5 19. Qc4 Na5 20. Qa2 Qc8 21. d4
exd4 22. cxd4 cxd4 23. Bxd4 Be6 24. Qa3 Nc4 25. Nxc4 Bxc4 26. Rfc1 Qa6 27. Nc3
Nf4 28. Ne4 Ne2+ 29. Kh1 Nxc1 30. Rxc1 Qxa4 31. Qg3 Rf7 32. Ng5 Bxg5 33. Qxg5
Qb5 34. Qg3 Qd5 35. Qg4 Qf5 36. Bxg7+ Kg8 37. Qxf5 Rxf5 38. Bd4 Rd5 39. Rd1 Rxd4
0-1